000 00438nam a22001697a 4500
005 20180710095546.0
008 160527b xxu||||| |||| 00| 0 eng d
020 _a81-203-1369-0
041 _aeng
082 _b5376
_a658.15
100 _aPike, Richard & Bill, Neale
_94490
245 _aCorporate Finance & Investment
260 _aNew Delhi
_bAcademic Faundation
_c2004
300 _a681p,
650 _aManagement
_9241
942 _cBK
999 _c1910
_d1909